000 00795cam a2200205 i 4500
005 20251119100054.0
008 250721s2003 sy gr 000 0 ara d
082 1 4 _a210.461
_bم ا ر
100 1 _aمارديني، عبد الرحيم
_eمؤلف.
245 1 0 _aموسوعة الإعجاز العلمي في الحديث النبوي الشريف /
_cتأليف عبد الرحيم مارديني.
250 _aالطبعة الأولى.
264 3 1 _aدمشق :
_bدار المحبة للطباعة والنشر والتوزيع،
_c2003.
264 3 1 _aبيروت:
_bدار آية،
300 _a272 صفحة.
650 1 7 _aعلوم الحديث.
650 1 7 _aالحديث الشريف.
653 _aالإعجاز العلمي
942 _2ddc
_cBK
999 _c86074
_d86074